000 00890nac a22002777a 4500
001 BR0602335
003 BR-BrBNA
005 20250226082701.0
008 230509b bl.|||m| |||| 00| 0 por d
040 _aBR-BrBNA
_bpor
_cBiblioteca Nacional de Agricultura
072 _aD10
090 _aD10 BR0602335
100 1 _aCavina, R.
110 1 _aMinistério da Agricultura, Rio de Janeiro, GB (Brasil). Serviço de Informação do Mercado Agrícola
_96975
245 1 _aOrganizando uma fazenda
250 1 _a2. ed.
260 3 _aRio de Janeiro, GB (Brasil):
_c1951.
490 _aSIA (Brazil)
_vno. 221
650 _aFAZENDA
650 _aADMINISTRAÇÃO RURAL
650 _aRECURSO FINANCEIRO
650 _aUSO DA TERRA
650 _aARRENDAMENTO RURAL
856 _uhttps://repositorio-dspace.agricultura.gov.br/bitstream/1/6012/1/1951%20SIA%20221.pdf
942 _2AGRIS
_n0
_cMS
999 _c294942
_d294942